000
00290nam a2200133Ia 4500
008
191201s2019 xx 000 0 und d
100
_a
RIVER
245
0
_a
Handwriting Analysis
250
_a
1st
260
_a
N.Delhi
_b
RIVER
300
_a
211
650
_a
General Books
942
_2
ddc
_c
BK
999
_c
2487
_d
2487